ا ر د و شا عر ی مير سے پر و ين شا کر تک (Record no. 166016)

MARC details
000 -LEADER
fixed length control field 00833nam a22002417a 4500
005 - DATE AND TIME OF LATEST TRANSACTION
control field 20190710131749.0
010 ## - LCCN (DPL NO)
LC control number B-70379
020 ## - INTERNATIONAL STANDARD BOOK NUMBER
International Standard Book Number 8188378089
Terms of availability 250.00
035 ## - SYSTEM CONTROL NUMBER
System control number B-70379
037 ## - SOURCE OF ACQUISITION
Source of stock number/acquisition BPPD/Ven.
Stock number dpl
082 ## - DEWEY DECIMAL CLASSIFICATION NUMBER
Classification number 841
Edition number 2002
100 ## - MAIN ENTRY--PERSONAL NAME
Personal name قا ضی مشتا ق ا حمد
245 ## - TITLE STATEMENT
Title ا ر د و شا عر ی مير سے پر و ين شا کر تک
Statement of responsibility, etc قا ضی مشتا ق ا حمد
Medium Urdu
246 ## - VARYING FORM OF TITLE
Title proper/short title Urdu Shairi:Meer se Parveen Shakir Tak (Urdu)
Remainder of title Qazi Mushtaque Ahmed
250 ## - EDITION STATEMENT
Edition statement 2002 ء
260 ## - PUBLICATION, DISTRIBUTION, ETC. (IMPRINT)
Place of publication, distribution, etc N.Delhi 110002
Name of publisher, distributor, etc Maktaba Jadeed
270 ## - ADDRESS
Address 9/10,Gola Market,Darya Ganj,
300 ## - PHYSICAL DESCRIPTION
Extent 256ص
Dimensions 22cm(Hbk)
490 ## - SERIES STATEMENT
Series statement Jaico illustrated classics series
942 ## - ADDED ENTRY ELEMENTS (KOHA)
Source of classification or shelving scheme Dewey Decimal Classification
Item type Urdu Bks
Call number suffix م ش ت
Classification part 841
Holdings
Withdrawn status Lost status Not for loan Collection code Home library Current library Date acquired Source of acquisition Cost, normal purchase price Full call number Barcode Copy number Cost, replacement price Koha item type
    Ordered Fiction Central Library Central Library 10/07/2019 BPPD/Ven. 250.00 841 م ش ت B-70379 1 250.00 Urdu Bks

© Delhi Public Library
Hit Counter
free hit counter